000 00616nam a2200241Ia 4500
003 OSt
005 20220928104211.0
006 a|||||r|||| 00| 0
007 ta
008 220927b |||||||| |||| 00| 0 eng d
024 _a73948
037 _cTextual
040 _aSDCL
_cSDCL
_beng
041 _2eng
_aeng
082 _aW691y7M18, L7
100 _aAlthusser Louis
245 0 _aFor Marx
260 _aLondon
_bN L B
_c1977
300 _a272p
_ccm.
700 _a Brewster Ben Tr.
942 _hW691y7M18, L7
_cTEXL
_2CC
999 _c725158
_d725158